[Event "Euskadi-ch Seniors 29th"]
[Site "Zarautz"]
[Date "2019.06.22"]
[Round "4"]
[White "Arocena Uria, Jaime"]
[Black "Gonzalez Izaguirre, Salustiano"]
[Result "1-0"]
[WhiteElo "1787"]
[BlackElo "1739"]
[PlyCount "70"]
[EventDate "2019.06.22"]
[EventType "swiss"]
[EventRounds "6"]
[EventCountry "ESP"]
[SourceTitle "CBM 192 Extra"]
[Source "Chessbase"]
[SourceDate "2019.11.06"]
[SourceVersion "1"]
[SourceVersionDate "2019.11.06"]
[SourceQuality "1"]

1. e4 c6 2. d4 d5 3. Nc3 dxe4 4. Nxe4 Bf5 5. Ng3 Nf6 6. Nxf5 Qa5+ 7. c3 Qxf5 8. Bd3 Qe6+ 9. Ne2 g6 10. 0-0 Bg7 11. Nf4 Qd6 12. Qb3 Qc7 13. Re1 0-0 14. Bxg6 hxg6 15. Nxg6 e6 16. Bf4 Qd7 17. Nxf8 Kxf8 18. Be5 Qc8 19. Bd6+ Kg8 20. Re3 Nbd7 21. Rae1 b6 22. Rh3 c5 23. Rxe6 cxd4 24. Re7 Qf8 25. Rxd7 Qe8 26. Re7 Qf8 27. Ba3 Rc8 28. Rxa7 Qe8 29. Re7 Qf8 30. Rg3 Rc6 31. Qb5 Qc8 32. Qg5 Nh5 33. Qxh5 Rg6 34. Rxg6 fxg6 35. Qxg6 Qf8 1-0

[Event "Euskadi-ch Seniors 29th"]
[Site "Zarautz"]
[Date "2019.06.22"]
[Round "3"]
[White "Gonzalez Izaguirre, Salustiano"]
[Black "Besga Lopez, Jose Angel"]
[Result "0-1"]
[WhiteElo "1739"]
[BlackElo "2029"]
[PlyCount "112"]
[EventDate "2019.06.22"]
[EventType "swiss"]
[EventRounds "6"]
[EventCountry "ESP"]
[SourceTitle "CBM 192 Extra"]
[Source "Chessbase"]
[SourceDate "2019.11.06"]
[SourceVersion "1"]
[SourceVersionDate "2019.11.06"]
[SourceQuality "1"]

1. d4 f5 2. c4 Nf6 3. Nc3 e6 4. Nf3 Bb4 5. Qc2 0-0 6. g3 b6 7. Bg2 Bb7 8. 0-0 Bxc3 9. Qxc3 Ne4 10. Qc2 Nc6 11. Bd2 a5 12. a3 Qf6 13. e3 Nxd2 14. Qxd2 Rad8 15. Rfd1 Ne7 16. b4 axb4 17. axb4 d6 18. Ra7 Rb8 19. c5 bxc5 20. bxc5 Nc8 21. Ra5 Be4 22. Rc1 Ne7 23. cxd6 cxd6 24. Ra7 Rfc8 25. Rac7 Rxc7 26. Rxc7 Nd5 27. Rc1 Qd8 28. Ne1 Bxg2 29. Kxg2 Qb6 30. Qc2 Qb2 31. Qxb2 Rxb2 32. Rc2 Rb1 33. Nf3 h6 34. Nd2 Ra1 35. Rc6 Nxe3+ 36. fxe3 Ra2 37. Rxd6 Rxd2+ 38. Kf3 Kf7 39. h4 g5 40. hxg5 hxg5 41. g4 Rd3 42. Ke2 Ra3 43. gxf5 exf5 44. Rb6 Ra2+ 45. Kf3 g4+ 46. Kf4 Rf2+ 47. Kg5 g3 48. Rb1 Ke6 49. Rg1 Rf3 50. Kh4 Rxe3 51. Rxg3 Re4+ 52. Kh3 Rxd4 53. Kg2 Rd2+ 54. Kg1 Ke5 55. Ra3 Rb2 56. Ra4 Kf6 0-1